000 01198cab a2200217 4500
001 ##L135437
008 061026n2006 000 0 eng u
035 _a(Sirsi) u135437
041 0 _aeng
110 1 _aUnited Kingdom
_bDepartment for Environment, Food and Rural Affairs
245 0 0 _aRecycling up and landfill down latest figures reveal
260 _c2006
490 0 _aDEFRA News Release
_v(439/06) 12 October 2006
520 _aProvisional figures published by DEFRA show that the government target to recycle and compost 25% of household waste in England by 2005/06 has been exceeded. Households in England recycled 27% of their waste during 2005/06, 4% more than in the previous year. All waste disposal authorities in England have met their limits for the first year of the Landfill Allowances Trading Scheme, helping to reduce the overall amount of waste sent to landfill.
590 _aIKA311006
650 2 4 _aLANDFILL ALLOWANCES TRADING SCHEME
651 4 _aEngland
_y886-
690 _aENVIRONMENTAL AND LAND CONSULTANCY-WASTE MANAGEMENT
856 4 0 _uhttps://www.defra.gov.uk/news/2006/061012a.htm
_zView the news release free of charge at www.defra.gov.uk...
942 _n0
999 _c77893
_d77893